Statistics for All train stations in Buckinghamshire

Click here to take the quiz!

General Stats

  • This quiz has been taken 15 times
  • The average score is 19 of 29

Answer Stats

GroupAnswer% Correct
London-Aylesbury lineAylesbury
100%
London-Aylesbury lineAmersham
92%
Chiltern main lineHigh Wycombe
92%
Chiltern main lineBeaconsfield
85%
London-Aylesbury lineGreat Missenden
85%
Marlow branch lineMarlow
85%
London-Aylesbury lineWendover
85%
Chiltern main linePrinces Risborough
77%
London-Aylesbury lineStoke Mandeville
77%
London-Aylesbury lineAylesbury Vale Parkway
69%
West Coast main lineBletchley
69%
Chiltern main lineDenham
69%
Chiltern main lineDenham Golf Club
69%
Chiltern main lineGerrards Cross
69%
London-Aylesbury lineChalfont & Latimer
62%
West Coast main lineMilton Keynes Central
62%
West Coast main lineWolverton
62%
Marlow branch lineBourne End
54%
Chiltern main lineHaddenham & Thame Parkway
54%
Aylesbury-Princes Risborough lineLittle Kimble
54%
Chiltern main lineSaunderton
54%
Marston Vale lineBow Brickhill
46%
West Coast main lineCheddington
46%
Marston Vale lineFenny Stratford
46%
Aylesbury-Princes Risborough lineMonks Risborough
46%
Chiltern main lineSeer Green & Jordans
46%
Marston Vale lineWoburn Sands
46%
Great Western main lineBurnham
38%
Great Western main lineTaplow
38%

Score Distribution

Percentile by Number Answered

Percent of People with Each Score

Your Score History

You have not taken this quiz